00250nam a2200097Ia 4500008004100000100001700041245002400058260002900082300000900111650003200120190216s9999||||xx |||||||||||||| ||und|| aJane Austein 0aPride And Prejudice bThe Pocket Libraryc1956 a436p aEnglish Novel-English Novel